| 000 | 00684nam a2200205Ia 4500 | ||
|---|---|---|---|
| 003 | GCL | ||
| 008 | 140319s9999 xx 000 0 ara d | ||
| 020 | _a7939101977 | ||
| 040 |
_aGCL / _cGCL |
||
| 082 | 0 | 4 |
_a791.403 _bخ م |
| 100 | 1 | _aهاشم النحاس | |
| 245 | 1 | 0 |
_aمعجم المصطلحات السينمائية / _cهاشم النحاس |
| 700 | 1 | _aخيرية البشلاوى | |
| 260 |
_aالقاهرة : _bالهيئة المصرية العامة للكتاب ، _c2005 |
||
| 300 |
_a336 ص ؛ _c24 سم |
||
| 490 |
_aالالف كتاب الثانى _v0 |
||
| 650 | 0 | 4 | _aالسينما - معاجم |
| 650 | 0 | 4 | _aالسينما - مصطلحات |
| 942 |
_2ddc _cBK |
||
| 999 |
_c8730 _d8730 |
||